| 000 | 00700nas a22002057a 4500 | ||
|---|---|---|---|
| 005 | 20260603153739.0 | ||
| 008 | 260515d19771986porb||p|r||||s00| z por d | ||
| 040 | _cBR-ViAPE | ||
| 245 | _aCUCA - Cultura Capixaba | ||
| 260 |
_aVitória _bFundação Cultura do Espírito Santo _c1977-1986 |
||
| 300 |
_av. _bil. |
||
| 310 | _aBimestral | ||
| 362 | _aAno 1, n. 0 (fev. 1977) - ano 2, n. 5 (jul. dez. 1986). | ||
| 500 | _aColeção incompleta: disponíveis apenas alguns números do periódico. | ||
| 650 |
_aCultura _xArte _xEntrevista _zEspírito Santo |
||
| 651 |
_aEspírito Santo (Brasil) _vPeriódicos |
||
| 710 | _aFundação Cultural do Espírito Santo | ||
| 942 |
_2ddc _cPER _n1 |
||
| 999 |
_c686 _d686 |
||